| 000 | 00000nam 2200000zi 4500 |
| 001 | 9.915985 |
| 003 | CaOODSP |
| 005 | 20221107183339 |
| 006 | m o d f |
| 007 | cr |n||||||||| |
| 008 | 221006e200612##onc ob f000 0 fre d |
| 040 | |aCaOODSP|bfre|erda|cCaOODSP |
| 043 | |an-cn--- |
| 086 | 1 |aXC66-391/1-1-01-6F-PDF |
| 110 | 1 |aCanada. |bParlement. |bChambre des communes. |bSous-comité de l'examen des lois sur le racolage, |eauteur. |
| 245 | 13|aLe défi du changement : |bétude des lois pénales en matière de prostitution au Canada : rapport du Comité permanent de la justice et des droits de la personne / |cArt Hanger, président ; rapport du Sous-comité de l'examen des lois sur le racolage, John Maloney, président. |
| 246 | 30|aÉtude des lois pénales en matière de prostitution au Canada |
| 264 | 1|a[Ottawa] : |bComité permanent de la justice et des droits de la personne, |cdécembre 2006. |
| 300 | |a1 ressource en ligne (xiv, 137 pages). |
| 336 | |atexte|btxt|2rdacontent/fre |
| 337 | |ainformatique|bc|2rdamedia/fre |
| 338 | |aressource en ligne|bcr|2rdacarrier/fre |
| 490 | 0 |aRapport / Comité permanent de la justice et des droits de la personne ; |v6e rapport |
| 500 | |aPublié aussi en anglais sous le titre : The challenge of change : a study of Canada's criminal prostitution laws. |
| 500 | |a«Le Comité permanent de la justice et des droits de la personne a l'honneur de présenter son sixième rapport» -- page v. |
| 504 | |aComprend des références bibliographiques. |
| 650 | 6|aProstitution|zCanada. |
| 650 | 6|aProstitution|xDroit|zCanada. |
| 650 | 6|aProstitution|xPolitique gouvernementale|zCanada. |
| 700 | 1 |aHanger, Art,|d1943- |eprésident. |
| 710 | 1 |aCanada. |bParlement. |bChambre des communes. |bComité permanent de la justice et des droits de la personne, |eorganisme de publication. |
| 775 | 08|tThe challenge of change : |w(CaOODSP)9.915976 |
| 856 | 40|qPDF|s611 Ko|uhttps://publications.gc.ca/collections/collection_2022/parl/XC66-391-1-1-01-6-fra.pdf |